000 00816nam a22001577a 4500
003 OSt
005 20150912110906.0
008 150912b xxu||||| |||| 00| 0 eng d
040 _cRUA
082 _aAGR OR 1997 B018 Or.1
100 _9302
_aOR, THY
245 _aThe small scale household vegetable production in kompong speu ( A case study of LWS'S project in chbarmorn and phnomsrouch district) ផលិតផលកម្មដំណាំបន្លែជាលក្ខណៈគ្រួសារនៅខេត្ដកំពង់ស្ពឺ( សិក្សាក្នុងគំរោងរបស់អង្កការLWS'S ស្រុកច្បារមន និងស្រុកភ្នំស្រួច)
260 _aPhnom Penh
_bRUA
_c1997
300 _a52p.
_bill.
_c29cm.
942 _2ddc
_cAGR
999 _c281
_d281